Score 0/19 Timer 02:00
0 Plays Today
Hint Word % Correct
♫ Light switch setting (2 letters) ♫♫ON♫
97.9%
Female pronounSHE
96.5%
♫ Movie title: ___ Longest Yard ♫♫THE♫
96.4%
Have in your possession [add a letter]OWN
95.3%
Be in debtOWE
94.9%
Timid or diffidentSHY
93%
♫ Paved surface for cars [add a letter] ♫♫ROAD♫
92.6%
Mined metal-bearing mineralORE
92.4%
Money that's been borrowed LOAN
91.3%
Fishing implementROD
90.9%
Hint Word % Correct
Round, metallic currencyCOIN
90.1%
Install software on computerLOAD
89.6%
Abel's slayerCAIN
86.6%
Rogers the cowboyROY
84.4%
Area between false ribs and hipboneLOIN
83.9%
Green Day drummer CoolTRÉ
83.4%
Edamame is from this plantSOY
83%
♫ One more time [add a letter] ♫♫AGAIN♫
77.8%
Increase the amount or rate GAIN
76.3%

Today's Daily Dose

Remove Ads.
Support Sporcle.
Get the best of Sporcle when you Go Orange. This ad-free experience offers more features, more stats, and more fun while also helping to support Sporcle. Thank you for becoming a member.

You're not logged in!

Compare scores with friends on all Sporcle quizzes.
OR
Log In

Show Comments

Extras

Top Quizzes Today


Score Distribution

Your Account Isn't Verified!

In order to create a playlist on Sporcle, you need to verify the email address you used during registration. Go to your Sporcle Settings to finish the process.

Report this User

Report this user for behavior that violates our Community Guidelines.

Details: